000 00652 a2200193 4500
001 ART_7330
005 20260410161720.0
008 260409a
245 1 0 _aLos fundamentos económicos de la teoría de la entidad en la información contable consolidada
100 1 _aGastaldi, Jorgelina
700 1 _aFernández, Fernanda M.
700 1 _aMagione, Julieta A.
700 1 _aMarcolini, Silvana Beatríz
700 1 _aPérez Munizaga, Marta C.
700 1 _aPozzi, Nélida B.
700 1 _aRuíz, Juan José
700 1 _aVerón, Carmen S.
773 0 _tContabilidad y auditoría
_g- Año 12, Nº 24 (dic. 2006)
_wREV1723
999 _c16856
_d16856